Sports Quiz

Random Sports or NBA Quiz

2012 NBA All-Star Weekend Participants Quiz Stats

 Plays Quiz not verified by Sporcle

Score 0/64 Timer 08:00
0 Plays Today
Event Player % Correct
Rising Stars Challenge (Shaq)Blake Griffin
96%
All-Star Game (West)Blake Griffin
96%
All-Star Game (East)LeBron James
95.3%
All-Star Game (East)Carmelo Anthony
94.1%
All-Star Game (East)Dwyane Wade
94%
Foot Locker Three-Point ContestKevin Durant
93.1%
All-Star Game (West)Kevin Durant
93.1%
All-Star Game (East)Chris Bosh
92.3%
Taco Bell Skills ChallengeRussell Westbrook
92.3%
All-Star Game (West)Russell Westbrook
92.3%
Rising Stars Challenge (Chuck)Kyrie Irving
92%
Taco Bell Skills ChallengeKyrie Irving
92%
All-Star Game (East)Derrick Rose
92%
All-Star Game (East)Dwight Howard
91.9%
All-Star Game (West)Chris Paul
91.9%
All-Star Game (West)Kobe Bryant
91.7%
Taco Bell Skills ChallengeTony Parker
90.7%
All-Star Game (West)Tony Parker
90.7%
Taco Bell Skills ChallengeRajon Rondo
90.2%
All-Star Game (East)Rajon Rondo
90.2%
Rising Stars Challenge (Chuck)John Wall
88.8%
Taco Bell Skills ChallengeJohn Wall
88.8%
Foot Locker Three-Point ContestKevin Love
88.7%
All-Star Game (West)Kevin Love
88.7%
All-Star Game (East)Paul Pierce
88.4%
All-Star Game (West)Marc Gasol
88.3%
All-Star Game (West)Dirk Nowitzki
87.3%
Taco Bell Skills ChallengeDeron Williams
86.7%
All-Star Game (East)Deron Williams
86.7%
Rising Stars Challenge (Chuck)Derrick Williams
86.6%
Sprite Slam Dunk ContestDerrick Williams
86.6%
Rising Stars Challenge (Chuck)Paul George
86.1%
Event Player % Correct
Sprite Slam Dunk ContestPaul George
86.1%
All-Star Game (West)Steve Nash
85.6%
All-Star Game (West)LaMarcus Aldridge
83.1%
All-Star Game (West)Andrew Bynum
78.6%
All-Star Game (East)Luol Deng
76.5%
All-Star Game (East)Roy Hibbert
75.2%
All-Star Game (East)Andre Iguodala
74.2%
Rising Stars Challenge (Shaq)Ricky Rubio
71.7%
Rising Stars Challenge (Chuck)DeMarcus Cousins
71.2%
Rising Stars Challenge (Shaq)Kemba Walker
67.3%
Foot Locker Three-Point ContestJames Jones
66.6%
Foot Locker Three-Point ContestMario Chalmers
65.9%
Sprite Slam Dunk ContestJeremy Evans
63.7%
Haier Shooting StarsChandler Parsons
63.4%
Rising Stars Challenge (Shaq)Jeremy Lin
62%
Haier Shooting StarsJerry Stackhouse
61.3%
Haier Shooting StarsJameer Nelson
56.2%
Rising Stars Challenge (Shaq)Norris Cole
56%
Rising Stars Challenge (Shaq)Greg Monroe
54.8%
Rising Stars Challenge (Shaq)Tristan Thompson
53.5%
Rising Stars Challenge (Chuck)Kawhi Leonard
53.2%
Haier Shooting StarsLandry Fields
52.2%
Rising Stars Challenge (Chuck)Gordon Hayward
52%
Foot Locker Three-Point ContestRyan Anderson
52%
Rising Stars Challenge (Shaq)Brandon Knight
50.9%
Rising Stars Challenge (Shaq)Landry Fields
50.3%
Sprite Slam Dunk ContestChase Budinger
47.2%
Rising Stars Challenge (Chuck)Derrick Favors
47.1%
Rising Stars Challenge (Chuck)Evan Turner
43.1%
Rising Stars Challenge (Shaq)Markieff Morris
40.8%
Foot Locker Three-Point ContestAnthony Morrow
39%
Rising Stars Challenge (Chuck)MarShon Brooks
33.5%

You're not logged in!

Compare scores with friends on all Sporcle quizzes.
OR
Log In

Show Comments

Extras

Top Quizzes Today


Score Distribution

Your Account Isn't Verified!

In order to create a playlist on Sporcle, you need to verify the email address you used during registration. Go to your Sporcle Settings to finish the process.

Report this User

Report this user for behavior that violates our Community Guidelines.

Details: